Statistics for NFL Team Rushing Leaders

Click here to take the quiz!

General Stats

  • This quiz has been taken 40,847 times
    (25,317 since last reset)
  • The average score is 14 of 32

Answer Stats

YardsTeamPlayer% Correct
17,162CowboysEmmitt Smith
96%
15,269LionsBarry Sanders
93%
16,726BearsWalter Payton
88%
12,312BrownsJim Brown
87%
12,490ChargersLaDainian Tomlinson
86%
11,747VikingsAdrian Peterson
77%
11,07349ersFrank Gore
61%
11,950SteelersFranco Harris
55%
10,449GiantsTiki Barber
46%
9,429SeahawksShaun Alexander
45%
10,135RamsSteven Jackson
45%
11,938BillsThurman Thomas
43%
9,226ColtsEdgerrin James
42%
6,792EaglesLeSean McCoy
42%
7,607BroncosTerrell Davis
42%
10,302JetsCurtis Martin
40%
8,545RaidersMarcus Allen
39%
11,271JaguarsFred Taylor
35%
8,322PackersAhman Green
34%
6,472TexansArian Foster
33%
7,260ChiefsJamaal Charles
33%
10,009Titans/OilersEddie George
32%
7,801RavensJamal Lewis
32%
6,500SaintsMark Ingram
29%
7,318PanthersJonathan Stewart
27%
8,061BengalsCorey Dillon
24%
7,472
Commanders/
Redskins
John Riggins
24%
6,737DolphinsLarry Csonka
22%
7,999CardinalsOttis Anderson
19%
5,453PatriotsSam Cunningham
7%
6,631FalconsGerald Riggs
6%
5,957BuccaneersJames Wilder
5%

Score Distribution

Percentile by Number Answered

Percent of People with Each Score

Your Score History

You have not taken this quiz since the last reset